姫路駅から出ている行先 - Statistics

General Stats
  • This quiz has been taken 180 times
  • The average score is 35 of 47
Answer Stats
Answer % Correct
新大阪
99%
岡山
99%
博多
99%
岡山
99%
東京
98%
広島
98%
鹿児島中央
98%
東京
98%
熊本
96%
大阪
95%
京都
93%
米原
93%
播州赤穂
87%
野洲
85%
敦賀
85%
三原
84%
三原
84%
西明石
82%
草津
81%
上郡
81%
鳥取
79%
網干
77%
近江塩津
74%
大阪梅田
73%
出雲市
72%
長浜
70%
神戸三宮
70%
倉吉
69%
近江今津
68%
佐用
65%
高速神戸
65%
高松
64%
山陽明石
64%
寺前
63%
播磨新宮
61%
新開地
61%
福崎
59%
上月
58%
飾磨
58%
豊岡
55%
香住
55%
新見
51%
山陽須磨
49%
東二見
47%
御影
43%
余部
41%
東須磨
40%
No matching quizzes found
Score Distribution
Percent of People with Each Score
Percentile by Number Answered
Your Score History
You have not taken this quiz